| 000 | 00919nac a22002897a 4500 | ||
|---|---|---|---|
| 001 | BR9100039 | ||
| 003 | BR-BrBNA | ||
| 005 | 20240105121131.0 | ||
| 008 | 230509b bl.|||m| |||| 00| 0 por d | ||
| 040 |
_aBR-BrBNA _bpor _cBiblioteca Nacional de Agricultura |
||
| 072 | _aH10 | ||
| 090 | _a0336 BR9100039 | ||
| 100 | 1 | _aCorso, I.C. | |
| 110 | 1 |
_aCentro Nacional de Pesquisa de Soja, Londrina, PR (Brasil) _91793 |
|
| 245 | 1 | _aUso de sal de cozinha na reducao da dose de inseticida para controle de percevejos da soja | |
| 260 | 3 |
_aLondrina, PR (Brasil): _c1990. |
|
| 300 | _a7 p. | ||
| 490 |
_aComunicado Tecnico - Centro Nacional de Pesquisa de Soja (Brazil) _vno. 45 _xISSN 0100-6606 |
||
| 500 | _a6 tables; 5 ref. | ||
| 650 | _aSOJA | ||
| 650 | _aPERCEVEJO | ||
| 650 | _aINSETICIDA | ||
| 650 | _aSAL | ||
| 650 | _aPARANA | ||
| 909 |
_a202312 _bLúcia Elande _c55 _dLúcia Elande |
||
| 942 |
_2AGRIS _n0 _cMS |
||
| 999 |
_c283498 _d283498 |
||